[Event "Vrsar Spring op"]
[Site "Vrsar"]
[Date "2024.04.01"]
[Round "9"]
[White "Mohr, Pablo"]
[Black "Jakrlin, Mihael"]
[Result "0-1"]
[WhiteElo "1835"]
[BlackElo "2119"]
[PlyCount "156"]
[EventDate "2024.04.01"]
[EventType "swiss"]
[EventRounds "9"]
[EventCountry "CRO"]
[SourceTitle "CB16_2024"]
[SourceDate "2024.04.17"]
[SourceVersion "1"]
[SourceVersionDate "2024.04.17"]
[SourceQuality "1"]

1. d4 d5 2. Nf3 c5 3. c3 Nc6 4. e3 cxd4 5. exd4 Nf6 6. Bd3 g6 7. h3 Bg7 8. 0-0 0-0 9. Bf4 Bf5 10. Bxf5 gxf5 11. Ne5 Ne4 12. Nxc6 bxc6 13. f3 Nd6 14. Nd2 Re8 15. Qc2 e6 16. Rfe1 a5 17. Nb3 Nb7 18. Qf2 a4 19. Nc1 c5 20. dxc5 e5 21. Bd2 f4 22. Nd3 Na5 23. Rab1 Rb8 24. Nb4 Rb5 25. Qe2 Rxc5 26. Bxf4 Re6 27. Bg3 e4 28. Bf2 Rc7 29. fxe4 dxe4 30. Qb5 Re5 31. Qb6 Nc4 32. Qd4 Qa8 33. Rbd1 Re8 34. Qd5 Nxb2 35. Qxa8 Rxa8 36. Rb1 Nd3 37. Rxe4 Nxf2 38. Kxf2 Rxc3 39. Nd5 Rc2+ 40. Re2 Bd4+ 41. Kf3 Rxe2 42. Kxe2 a3 43. Rb3 Bb2 44. Nc7 Ra4 45. Nb5 h5 46. Nd6 Kg7 47. Nf5+ Kg6 48. Ne3 Re4 49. Kf3 Ra4 50. Nd1 Be5 51. Nc3 Ra6 52. Nb5 Bb2 53. g4 h4 54. Rd3 f6 55. Rd5 Bc1 56. Rc5 Bd2 57. Rc2 Bb4 58. Rc4 Bf8 59. Nd4 Rb6 60. Nb3 Re6 61. Nd4 Re1 62. Nc2 Rg1 63. Rc8 Rg3+ 64. Kf2 Rxh3 65. Ne3 Bh6 66. Nf5 Rh2+ 67. Kf3 Bg5 68. Rc7 Bh6 69. Ra7 Bf8 70. Ra8 Kf7 71. Ra7+ Kg8 72. Ra8 h3 73. Kg3 Rxa2 74. Kxh3 Rd2 75. Kh4 Kf7 76. Ne3 Bc5 77. Nc4 Rd3 78. Ra5 Bf2+ 0-1

[Event "SLO-ch 33rd"]
[Site "Radenci"]
[Date "2023.04.26"]
[Round "2"]
[White "Mohr, Pablo"]
[Black "Gacnik, Aljaz"]
[Result "1-0"]
[WhiteElo "1739"]
[BlackElo "1390"]
[PlyCount "55"]
[EventDate "2023.04.25"]
[EventType "team-match"]
[EventRounds "9"]
[EventCountry "SLO"]
[SourceTitle "CBM 214 Extra"]
[Source "ChessBase"]
[SourceDate "2023.07.31"]
[SourceVersion "1"]
[SourceVersionDate "2023.07.31"]
[SourceQuality "1"]

1. e4 c5 2. Nc3 Nc6 3. d3 g6 4. g3 Bg7 5. Bg2 d6 6. Be3 Rb8 7. Qd2 h6 8. f4 Nf6 9. h3 a6 10. Nge2 e6 11. 0-0 0-0 12. g4 Qc7 13. Ng3 Ne7 14. f5 Kh7 15. Bxh6 exf5 16. Bxg7 Kxg7 17. exf5 d5 18. Nce2 b5 19. g5 Bxf5 20. gxf6+ Kxf6 21. Nxf5 Nxf5 22. Nf4 Kg7 23. Nxd5 Qd6 24. Qg5 Nh6 25. Rf6 Qd8 26. Be4 Ng8 27. Rxg6+ fxg6 28. Qxg6+ 1-0

[Event "SLO-ch 29th"]
[Site "Radenci"]
[Date "2019.05.03"]
[Round "8"]
[White "Mohr, Pablo"]
[Black "Urbanc, Peter"]
[Result "0-1"]
[WhiteElo "1838"]
[BlackElo "2224"]
[PlyCount "80"]
[EventDate "2019.04.27"]
[EventType "swiss"]
[EventRounds "9"]
[EventCountry "SLO"]
[SourceTitle "CBM 190 Extra"]
[Source "ChessBase"]
[SourceDate "2019.07.15"]
[SourceVersion "1"]
[SourceVersionDate "2019.07.15"]
[SourceQuality "1"]

1. e4 g6 2. d4 Bg7 3. Nc3 d6 4. Be3 Nf6 5. f3 c6 6. g4 b5 7. Qd2 h5 8. g5 Nfd7 9. f4 Nb6 10. Nf3 Bg4 11. Nh4 d5 12. f5 b4 13. Nd1 dxe4 14. fxg6 f5 15. h3 Bxd1 16. Nxf5 Bf3 17. Nxg7+ Kd7 18. h4 Bg4 19. Bh3 Bxh3 20. Rxh3 Qf8 21. Bf4 Qxg7 22. Be5 Qg8 23. Bxh8 Qxh8 24. Qf4 Na6 25. Qxe4 Qg8 26. Qf5+ Qe6+ 27. Qxe6+ Kxe6 28. 0-0-0 Rg8 29. Re1+ Kd7 30. Rhe3 Nd5 31. Rf3 Nac7 32. Rf7 Ne6 33. a3 a5 34. axb4 axb4 35. Rh7 Ndf4 36. Re4 Rxg6 37. Kd2 Kd6 38. Ke3 Ng2+ 39. Kf3 Nxh4+ 40. Rxh4 Nxg5+ 0-1

[Event "SLO-ch 29th"]
[Site "Radenci"]
[Date "2019.04.29"]
[Round "4"]
[White "Javornik, Nik"]
[Black "Mohr, Pablo"]
[Result "0-1"]
[WhiteElo "1551"]
[BlackElo "1838"]
[PlyCount "52"]
[EventDate "2019.04.27"]
[EventType "swiss"]
[EventRounds "9"]
[EventCountry "SLO"]
[SourceTitle "CBM 190 Extra"]
[Source "ChessBase"]
[SourceDate "2019.07.15"]
[SourceVersion "1"]
[SourceVersionDate "2019.07.15"]
[SourceQuality "1"]

1. e4 e6 2. Qe2 c5 3. Nf3 Nc6 4. c3 Nge7 5. d4 cxd4 6. cxd4 d5 7. e5 Nf5 8. Be3 Qb6 9. Qb5 Qxb5 10. Bxb5 Bd7 11. Bxc6 bxc6 12. 0-0 c5 13. Nc3 Rb8 14. b3 Be7 15. Bf4 Nxd4 16. Nxd4 cxd4 17. Nxd5 Bd8 18. Rfd1 Rb5 19. Ne3 dxe3 20. Bxe3 Bb6 21. Bf4 Rd5 22. Rxd5 exd5 23. a4 Ke7 24. a5 Bc7 25. e6 Bxf4 26. exd7 Kxd7 0-1

[Event "SLO-ch 29th"]
[Site "Radenci"]
[Date "2019.04.28"]
[Round "2"]
[White "Mohr, Pablo"]
[Black "Titan, Matej"]
[Result "0-1"]
[WhiteElo "1838"]
[BlackElo "2247"]
[PlyCount "94"]
[EventDate "2019.04.27"]
[EventType "swiss"]
[EventRounds "9"]
[EventCountry "SLO"]
[SourceTitle "CBM 190 Extra"]
[Source "ChessBase"]
[SourceDate "2019.07.15"]
[SourceVersion "1"]
[SourceVersionDate "2019.07.15"]
[SourceQuality "1"]

1. e4 e5 2. Nf3 Nc6 3. Bc4 Bc5 4. 0-0 Nf6 5. d3 d6 6. Be3 Bb6 7. h3 h6 8. Nc3 Be6 9. Bb3 Qd7 10. Re1 Ba5 11. Bd2 Bb6 12. Be3 Bxe3 13. fxe3 Ne7 14. d4 Bxb3 15. axb3 Ng6 16. Qe2 0-0 17. Rad1 Rfe8 18. Qf2 a6 19. Nh4 Nxh4 20. Qxh4 Qe7 21. Rd2 b5 22. d5 Nxd5 23. Qg3 Nxc3 24. bxc3 Qd7 25. Rf1 Qc6 26. Qf3 Rf8 27. Rd3 a5 28. c4 b4 29. Rd5 a4 30. Rb5 a3 31. Rxb4 a2 32. Ra1 Qc5 33. Rb5 Qa3 34. Rb7 Qb2 35. Qd1 Qc3 36. Qc1 c6 37. Rd7 f5 38. Rxd6 fxe4 39. Rxc6 Rfd8 40. Rg6 Rd2 41. Qe1 Rxc2 42. Qxc3 Rxc3 43. Rb6 Rc2 44. Rd6 Ra3 45. b4 Rb3 46. Rdd1 Rxb4 47. Kh2 Rbb2 0-1

[Event "Krapina op 9th"]
[Site "Krapina"]
[Date "2019.01.19"]
[Round "4"]
[White "Simunic, Edi"]
[Black "Mohr, Pablo"]
[Result "0-1"]
[WhiteElo "1599"]
[BlackElo "1791"]
[PlyCount "90"]
[EventDate "2019.01.17"]
[EventType "swiss"]
[EventRounds "7"]
[EventCountry "CRO"]
[SourceTitle "CBM 188 Extra"]
[Source "ChessBase"]
[SourceDate "2019.02.26"]
[SourceVersion "1"]
[SourceVersionDate "2019.02.26"]
[SourceQuality "1"]

1. d4 Nf6 2. Bf4 d5 3. e3 c5 4. c3 Nc6 5. Bd3 Qb6 6. Qc2 c4 7. Be2 Bf5 8. Qc1 e6 9. Nd2 Be7 10. Ngf3 Nh5 11. Bg5 Bxg5 12. Nxg5 Nf6 13. Bf3 Bd3 14. Be2 Bg6 15. Ngf3 Qc7 16. Nh4 b5 17. Nxg6 hxg6 18. h3 a5 19. Qc2 b4 20. e4 0-0 21. 0-0 Rfb8 22. exd5 exd5 23. Rfe1 Rb6 24. Bf3 Rab8 25. Rab1 Qb7 26. b3 cxb3 27. axb3 bxc3 28. Qxc3 Rb4 29. Rbc1 Nxd4 30. Qc5 Nxf3+ 31. Nxf3 Qb6 32. Qc2 Rxb3 33. Ng5 Nd7 34. Qd2 Rb2 35. Qf4 Qf6 36. Qh4 Nf8 37. Rc7 R8b4 38. Qg3 R2b3 39. Rxf7 Qxf7 40. Nxf7 Rxg3 41. Nh6+ gxh6 42. fxg3 Kf7 43. Kf2 a4 44. Ra1 Ne6 45. h4 Nc5 0-1

[Event "SLO-chT2 East"]
[Site "Slovenia"]
[Date "2018.11.13"]
[Round "6"]
[White "Ruzic, Pia Marie"]
[Black "Mohr, Pablo"]
[Result "0-1"]
[WhiteElo "1691"]
[BlackElo "1787"]
[PlyCount "76"]
[EventDate "2018.09.15"]
[EventType "team-tourn"]
[EventRounds "9"]
[EventCountry "SLO"]
[SourceTitle "EXT 2021"]
[Source "ChessBase"]
[SourceDate "2020.10.23"]
[SourceVersion "1"]
[SourceVersionDate "2020.10.23"]
[SourceQuality "1"]
[WhiteTeam "Krsko Triglav II"]
[BlackTeam "Maribor ZSK III"]
[WhiteTeamCountry "SLO"]
[BlackTeamCountry "SLO"]

1. c4 e5 2. Nc3 Nc6 3. Nf3 g6 4. g3 Bg7 5. Bg2 Nge7 6. 0-0 d6 7. d3 Be6 8. Ng5 Bd7 9. Rb1 h6 10. Nf3 Be6 11. b4 Qd7 12. b5 Nd8 13. Qc2 0-0 14. a4 Bh3 15. Ba3 Bxg2 16. Kxg2 Ne6 17. Nd5 Nf5 18. e3 Rfc8 19. Nd2 c6 20. bxc6 bxc6 21. Nc3 d5 22. Ne2 Rc7 23. c5 h5 24. Nf3 h4 25. h3 hxg3 26. Nxg3 Ne7 27. Kh2 f6 28. Ne2 Kf7 29. Nfg1 Rh8 30. f4 Nf5 31. Bc1 exf4 32. Nxf4 Nxf4 33. Rxf4 g5 34. Rf1 g4 35. e4 Nd4 36. Qf2 Nf3+ 37. Nxf3 Rxh3+ 38. Kg1 gxf3 0-1

[Event "SLO-chT2 East"]
[Site "Slovenia"]
[Date "2018.09.29"]
[Round "2"]
[White "Urbanc, Suzana"]
[Black "Mohr, Pablo"]
[Result "1-0"]
[WhiteElo "1642"]
[BlackElo "1787"]
[PlyCount "57"]
[EventDate "2018.09.15"]
[EventType "team-tourn"]
[EventRounds "9"]
[EventCountry "SLO"]
[SourceTitle "EXT 2021"]
[Source "ChessBase"]
[SourceDate "2020.10.23"]
[SourceVersion "1"]
[SourceVersionDate "2020.10.23"]
[SourceQuality "1"]
[WhiteTeam "Brezice"]
[BlackTeam "Maribor ZSK III"]
[WhiteTeamCountry "SLO"]
[BlackTeamCountry "SLO"]

1. c4 e5 2. e4 Nc6 3. Nc3 d6 4. g3 g6 5. Bg2 Bg7 6. h3 Be6 7. d3 Qd7 8. Nge2 f5 9. b3 Nf6 10. Nd5 0-0 11. Bb2 Rf7 12. f4 fxe4 13. dxe4 exf4 14. Ndxf4 g5 15. Nxe6 Qxe6 16. e5 Nxe5 17. Bxb7 Re8 18. Bg2 Rfe7 19. 0-0 Neg4 20. hxg4 Qe3+ 21. Kh1 Nxg4 22. Bd5+ Kh8 23. Bxg7+ Rxg7 24. Qc2 Rg6 25. Qc3+ Qe5 26. Qxe5+ Nxe5 27. Nd4 Rh6+ 28. Kg1 Ng4 29. Rae1 1-0

[Event "Paracin Summer op-B 11th"]
[Site "Paracin"]
[Date "2018.07.12"]
[Round "8"]
[White "Dimkovski, Stojancho"]
[Black "Mohr, Pablo"]
[Result "1-0"]
[WhiteElo "1792"]
[BlackElo "1902"]
[PlyCount "77"]
[EventDate "2018.07.06"]
[EventType "swiss"]
[EventRounds "9"]
[EventCountry "SRB"]
[SourceTitle "EXT 2019"]
[Source "ChessBase"]
[SourceDate "2018.10.10"]
[SourceVersion "1"]
[SourceVersionDate "2018.10.10"]
[SourceQuality "1"]

1. Nf3 d5 2. g3 Nf6 3. Bg2 e6 4. 0-0 Be7 5. d3 0-0 6. Nbd2 c5 7. e4 Nc6 8. Re1 Qc7 9. Nf1 b5 10. e5 Nd7 11. Bf4 Bb7 12. h4 Rfc8 13. N1h2 Nd4 14. Ng4 Qb6 15. Ng5 h6 16. Nh3 Nf5 17. Ne3 Nxe3 18. Rxe3 d4 19. Re1 Bxg2 20. Kxg2 Qc6+ 21. Kh2 Nb6 22. Qg4 Kf8 23. Bd2 Rd8 24. Nf4 g5 25. Nh5 Ke8 26. hxg5 hxg5 27. Bxg5 Bxg5 28. Qxg5 Kd7 29. Nf6+ Kc7 30. Ne4 Rh8+ 31. Kg2 Rh7 32. Qe7+ Nd7 33. Rh1 Rah8 34. Rxh7 Rxh7 35. Rh1 Rxh1 36. Kxh1 Kb6 37. f4 c4 38. Qd8+ Ka6 39. Qxd7 1-0

[Event "Paracin Summer op-B 11th"]
[Site "Paracin"]
[Date "2018.07.11"]
[Round "7"]
[White "Mohr, Pablo"]
[Black "Stosic, Slobodan"]
[Result "0-1"]
[WhiteElo "1902"]
[BlackElo "2087"]
[PlyCount "68"]
[EventDate "2018.07.06"]
[EventType "swiss"]
[EventRounds "9"]
[EventCountry "SRB"]
[SourceTitle "EXT 2019"]
[Source "ChessBase"]
[SourceDate "2018.10.10"]
[SourceVersion "1"]
[SourceVersionDate "2018.10.10"]
[SourceQuality "1"]

1. e4 c5 2. Nc3 Nc6 3. g3 g6 4. Bg2 Bg7 5. d3 d6 6. Be3 Nf6 7. h3 0-0 8. f4 Qb6 9. Rb1 a5 10. Nf3 e5 11. fxe5 Nxe5 12. Nxe5 dxe5 13. Na4 Qc6 14. Nxc5 a4 15. b3 axb3 16. axb3 b6 17. Na4 b5 18. Nc5 Nh5 19. g4 Nf4 20. 0-0 Nxg2 21. Kxg2 f5 22. Qe2 b4 23. gxf5 gxf5 24. Kh2 f4 25. Bg1 Rf6 26. Rf3 Rh6 27. Qg2 Ra2 28. Rc1 Qe8 29. d4 Qh5 30. dxe5 Bg4 31. Rcf1 Rxc2 32. Qxc2 Bxh3 33. Qg2 Bg4+ 34. Rh3 Bxh3 0-1

[Event "Paracin Summer op-B 11th"]
[Site "Paracin"]
[Date "2018.07.07"]
[Round "3"]
[White "Mohr, Pablo"]
[Black "Manova, Ivana"]
[Result "1-0"]
[WhiteElo "1902"]
[BlackElo "1745"]
[PlyCount "51"]
[EventDate "2018.07.06"]
[EventType "swiss"]
[EventRounds "9"]
[EventCountry "SRB"]
[SourceTitle "EXT 2019"]
[Source "ChessBase"]
[SourceDate "2018.10.10"]
[SourceVersion "1"]
[SourceVersionDate "2018.10.10"]
[SourceQuality "1"]

1. e4 e5 2. Nc3 Nc6 3. g3 Bc5 4. Bg2 d6 5. Nge2 Nge7 6. Na4 Bb6 7. Nxb6 axb6 8. 0-0 0-0 9. d3 f5 10. f4 fxe4 11. Bxe4 Bf5 12. Bg2 Ng6 13. b3 exf4 14. Nxf4 Nxf4 15. Rxf4 Qf6 16. Rb1 Qe5 17. a3 Rae8 18. Bb2 Qe3+ 19. Kh1 Qe2 20. Qxe2 Rxe2 21. Rbf1 Rxc2 22. Bd5+ Kh8 23. Rxf5 Rxf5 24. Rxf5 h6 25. Rf8+ Kh7 26. Be4+ 1-0

[Event "SLO-ch 28th"]
[Site "Ljubljana"]
[Date "2018.05.03"]
[Round "8"]
[White "Mohr, Pablo"]
[Black "Bratkovic, Sham"]
[Result "0-1"]
[WhiteElo "1864"]
[BlackElo "2141"]
[PlyCount "86"]
[EventDate "2018.04.27"]
[EventType "swiss"]
[EventRounds "9"]
[EventCountry "SLO"]
[SourceTitle "CBM 184 Extra"]
[Source "ChessBase"]
[SourceDate "2018.06.28"]
[SourceVersion "1"]
[SourceVersionDate "2018.06.28"]
[SourceQuality "1"]

1. e4 e5 2. Nc3 Nf6 3. g3 Nc6 4. Bg2 Bc5 5. Nge2 a6 6. 0-0 0-0 7. d3 d6 8. h3 Nd4 9. Kh2 c6 10. f4 Ba7 11. Nxd4 Bxd4 12. fxe5 Bxe5 13. Bg5 h6 14. Bf4 Qb6 15. Rb1 Be6 16. Bxe5 dxe5 17. Qe2 a5 18. Qf2 Qxf2 19. Rxf2 a4 20. a3 Ra6 21. Bf1 b5 22. Nd1 Rb6 23. Ne3 c5 24. c3 Rd8 25. Nf5 c4 26. Nxh6+ Kh7 27. Nf5 cxd3 28. Bg2 Nd7 29. Ne3 Nc5 30. Nd5 Bxd5 31. exd5 f6 32. Re1 Re8 33. Be4+ Nxe4 34. Rxe4 Rd6 35. Rd2 Rxd5 36. g4 g6 37. Re3 Red8 38. g5 f5 39. h4 Kg7 40. Kh3 Kf7 41. Rf3 Ke6 42. Rf1 e4 43. Re1 Ke5 0-1

[Event "SLO-ch 28th"]
[Site "Ljubljana"]
[Date "2018.04.29"]
[Round "4"]
[White "Susnik, Matej"]
[Black "Mohr, Pablo"]
[Result "0-1"]
[WhiteElo "2055"]
[BlackElo "1864"]
[PlyCount "88"]
[EventDate "2018.04.27"]
[EventType "swiss"]
[EventRounds "9"]
[EventCountry "SLO"]
[SourceTitle "CBM 184 Extra"]
[Source "ChessBase"]
[SourceDate "2018.06.28"]
[SourceVersion "1"]
[SourceVersionDate "2018.06.28"]
[SourceQuality "1"]

1. e4 e6 2. d4 d5 3. exd5 exd5 4. c4 Nc6 5. Nf3 Bg4 6. Be2 Nf6 7. Nc3 dxc4 8. 0-0 Be7 9. d5 Bxf3 10. Bxf3 Ne5 11. d6 Nxf3+ 12. Qxf3 cxd6 13. Qxb7 0-0 14. Re1 Re8 15. Bg5 Qa5 16. Rxe7 Qxg5 17. Rae1 Qd2 18. Rxe8+ Rxe8 19. Rxe8+ Nxe8 20. g3 h6 21. Ne4 Qd4 22. Qe7 Qe5 23. Qxe5 dxe5 24. Kf1 f5 25. Nd2 Nd6 26. Ke2 Kf7 27. Ke3 g5 28. f4 Ke6 29. fxe5 Kxe5 30. Nf3+ Kd5 31. h4 Ne4 32. hxg5 hxg5 33. b3 cxb3 34. axb3 a5 35. Kd3 g4 36. Nd4 Nxg3 37. Nc2 Ne4 38. Ne3+ Ke5 39. Nc4+ Kf4 40. Nxa5 g3 41. Nc6 g2 42. Nd4 Ng3 43. Ne6+ Kg4 44. Ke3 g1Q+ 0-1

[Event "Krapina-ch 8th "]
[Site "Krapina"]
[Date "2018.01.21"]
[Round "6"]
[White "Mestrovic, Toni"]
[Black "Mohr, Pablo"]
[Result "1-0"]
[WhiteElo "2028"]
[BlackElo "1848"]
[PlyCount "49"]
[EventDate "2018.01.18"]
[EventType "swiss"]
[EventRounds "7"]
[EventCountry "CRO"]
[SourceTitle "EXT 2019"]
[Source "ChessBase"]
[SourceDate "2018.10.10"]
[SourceVersion "1"]
[SourceVersionDate "2018.10.10"]
[SourceQuality "1"]

1. e4 d5 2. exd5 Qxd5 3. Nc3 Qa5 4. d4 Nf6 5. Nf3 Bg4 6. h3 Bxf3 7. Qxf3 c6 8. Bd2 Nbd7 9. Bc4 e6 10. 0-0-0 Bb4 11. a3 Bxc3 12. Bxc3 Qc7 13. Rhe1 0-0-0 14. Bd2 Nb6 15. Bf4 Qe7 16. Bb3 Nfd5 17. Bh2 Rhe8 18. a4 Na8 19. c4 Nf6 20. d5 Qd7 21. dxe6 Qe7 22. exf7 Qxf7 23. c5 Qh5 24. Qxh5 Nxh5 25. Be6+ 1-0

[Event "Krapina-ch 8th "]
[Site "Krapina"]
[Date "2018.01.20"]
[Round "4"]
[White "Vincelj, Leopold"]
[Black "Mohr, Pablo"]
[Result "0-1"]
[WhiteElo "1620"]
[BlackElo "1848"]
[PlyCount "78"]
[EventDate "2018.01.18"]
[EventType "swiss"]
[EventRounds "7"]
[EventCountry "CRO"]
[SourceTitle "EXT 2019"]
[Source "ChessBase"]
[SourceDate "2018.10.10"]
[SourceVersion "1"]
[SourceVersionDate "2018.10.10"]
[SourceQuality "1"]

1. e4 e6 2. d4 d5 3. e5 c5 4. c3 Nc6 5. Nf3 Qb6 6. Be2 Nh6 7. h3 Nf5 8. g4 Nfe7 9. Qb3 Qc7 10. Bf4 h5 11. gxh5 Rxh5 12. Na3 a6 13. Be3 Rh8 14. Qc2 Nf5 15. 0-0-0 Bd7 16. Nb1 Qa5 17. a3 Rc8 18. dxc5 Nxe3 19. fxe3 Qxc5 20. Qd3 g6 21. Nbd2 Bh6 22. Nf1 Bg7 23. Kb1 Nxe5 24. Nxe5 Bxe5 25. Nd2 Bb5 26. c4 dxc4 27. Nxc4 Qxc4 28. Qxc4 Bxc4 29. Rc1 Bxe2 30. Rxc8+ Ke7 31. Rxh8 Bxh8 32. Kc2 Kd6 33. b3 f5 34. Kd2 Bh5 35. Rc1 Bf6 36. Kd3 e5 37. a4 e4+ 38. Kc4 g5 39. Kb4 f4 0-1

[Event "SLO-chT U20"]
[Site "Murska Sobota"]
[Date "2017.08.30"]
[Round "7"]
[White "Zirkelbach, Maj"]
[Black "Mohr, Pablo"]
[Result "0-1"]
[WhiteElo "2209"]
[BlackElo "1730"]
[PlyCount "74"]
[EventDate "2017.08.26"]
[EventType "tourn"]
[EventRounds "7"]
[EventCountry "SLO"]
[SourceTitle "EXT 2022"]
[Source "ChessBase"]
[SourceDate "2021.10.06"]
[SourceVersion "1"]
[SourceVersionDate "2021.10.06"]
[SourceQuality "1"]

1. d4 Nf6 2. c4 e5 3. dxe5 Ng4 4. Bf4 Nc6 5. Nf3 Bb4+ 6. Nbd2 Qe7 7. e3 Ngxe5 8. Nxe5 Nxe5 9. Qc2 b6 10. Be2 Bb7 11. 0-0 Bxd2 12. Qxd2 d6 13. b4 Ng6 14. Bg3 h5 15. f3 h4 16. Bf2 h3 17. g3 0-0-0 18. e4 Ne5 19. Qc2 c5 20. b5 f5 21. Rae1 g5 22. Be3 g4 23. exf5 Bxf3 24. Bf4 Ba8 25. Bd3 Nf3+ 26. Rxf3 Qxe1+ 27. Rf1 Qe7 28. Rf2 Qb7 29. Re2 Qh1+ 30. Kf2 Qxh2+ 31. Ke1 Qg1+ 32. Kd2 h2 33. f6 h1Q 34. f7 Rh2 35. Kc3 Rxe2 36. Bf5+ Kc7 37. Qxe2 Qe1+ 0-1

[Event "SLO-chT U20"]
[Site "Murska Sobota"]
[Date "2017.08.27"]
[Round "2"]
[White "Mohr, Pablo"]
[Black "Zagorsek, David"]
[Result "1-0"]
[WhiteElo "1730"]
[BlackElo "2106"]
[PlyCount "189"]
[EventDate "2017.08.26"]
[EventType "tourn"]
[EventRounds "7"]
[EventCountry "SLO"]
[SourceTitle "EXT 2022"]
[Source "ChessBase"]
[SourceDate "2021.10.06"]
[SourceVersion "1"]
[SourceVersionDate "2021.10.06"]
[SourceQuality "1"]

1. e4 c5 2. Nc3 Nc6 3. g3 g6 4. Bg2 Bg7 5. d3 e6 6. Be3 d6 7. Qd2 Rb8 8. Nf3 b5 9. d4 b4 10. Nd1 Qb6 11. dxc5 dxc5 12. 0-0 Ba6 13. Re1 Rd8 14. Qc1 Nd4 15. Bxd4 cxd4 16. Bf1 Bxf1 17. Kxf1 Ne7 18. Re2 0-0 19. Ne1 Rd7 20. Nd3 a6 21. b3 Qc6 22. Qf4 Qb5 23. N1b2 f5 24. Nc4 Nc6 25. exf5 exf5 26. Qf3 Ne7 27. Rae1 Nd5 28. Re8 Rd8 29. Rxf8+ Bxf8 30. Ra1 Nb6 31. Nxb6 Qxb6 32. Re1 Qc7 33. Qe2 Rc8 34. Rc1 Bh6 35. f4 Qb7 36. Kf2 Qe4 37. Qd2 Bg7 38. Re1 Qc6 39. Re2 Re8 40. Rxe8+ Qxe8 41. Ne1 h6 42. Nf3 Qe4 43. Qd3 Qxd3 44. cxd3 Bf8 45. Ne5 Kg7 46. Nc6 Bc5 47. Na5 Kf6 48. Nc6 Kg7 49. Kf3 Kf6 50. h3 Kg7 51. Ne5 Bd6 52. Nc6 Bc5 53. h4 h5 54. Ke2 Kf6 55. Kd2 Kf7 56. Ne5+ Ke6 57. Nc4 Kd5 58. Kc2 Be7 59. Kb2 Bc5 60. Nd2 Bf8 61. Nf3 Be7 62. Ne5 Bc5 63. Nf3 Be7 64. Ne1 Kc6 65. Nc2 Bc5 66. Ne1 Kb5 67. Nf3 Kc6 68. Ne1 Kb5 69. Nc2 Kc6 70. a3 bxa3+ 71. Ka2 Kb5 72. Nxa3+ Kb4 73. Kb2 Bb6 74. Nc2+ Kb5 75. Ka3 Ba7 76. b4 Bb6 77. Kb3 Ba7 78. Na3+ Kc6 79. Kc4 Bb8 80. Nc2 Bd6 81. Nxd4+ Kb6 82. Ne2 Kc6 83. d4 Bc7 84. Nc3 Bb8 85. b5+ Kd6 86. Na4 Bc7 87. b6 Bb8 88. d5 Kd7 89. Nc5+ Kc8 90. b7+ Kc7 91. Nxa6+ Kxb7 92. Nxb8 Kxb8 93. Kc5 Kc7 94. d6+ Kd7 95. Kd5 1-0

[Event "Portoroz op 11th"]
[Site "Portoroz"]
[Date "2017.07.28"]
[Round "8"]
[White "Mohr, Pablo"]
[Black "Gombocz, Ferenc Jr"]
[Result "1-0"]
[WhiteElo "1870"]
[BlackElo "2039"]
[PlyCount "137"]
[EventDate "2017.07.22"]
[EventType "swiss"]
[EventRounds "9"]
[EventCountry "SLO"]
[SourceTitle "EXT 2020"]
[Source "ChessBase"]
[SourceDate "2019.10.17"]
[SourceVersion "1"]
[SourceVersionDate "2019.10.17"]
[SourceQuality "1"]

1. e4 e5 2. Nf3 Nf6 3. Nxe5 d6 4. Nf3 Nxe4 5. d3 Nf6 6. d4 d5 7. Bg5 Be7 8. Bd3 0-0 9. 0-0 Bg4 10. Re1 Re8 11. Nbd2 Nbd7 12. c3 c6 13. Qc2 h6 14. Bh4 Qc7 15. h3 Be6 16. Bg3 Bd6 17. Bxd6 Qxd6 18. Re3 Qc7 19. Rae1 Nf8 20. Ne5 Re7 21. Nf1 Rae8 22. Ng3 c5 23. Nf5 Bxf5 24. Bxf5 g6 25. Bd3 Ne6 26. Nf3 Ne4 27. Bxe4 dxe4 28. Qxe4 Nxd4 29. Qxe7 Nxf3+ 30. gxf3 Rxe7 31. Rxe7 Qc6 32. Kg2 Kf8 33. R7e3 Qa4 34. a3 Qd7 35. Re5 Qc6 36. Rd1 Qc7 37. Red5 Ke7 38. c4 b6 39. b3 a6 40. a4 Qb7 41. Re1+ Kf8 42. Rd8+ Kg7 43. Re5 Qc7 44. Red5 Kf6 45. R8d7 Qb8 46. R5d6+ Ke5 47. Rc6 Kf5 48. Rxf7+ Kg5 49. Rff6 Qd8 50. Rxg6+ Kf5 51. Rgf6+ Kg5 52. Rxb6 Qd3 53. Rfd6 Qc3 54. Rd5+ Kf4 55. Kf1 Kxf3 56. Rbd6 Kf4 57. Rd3 Qa1+ 58. Kg2 Qg7+ 59. Rg3 Qb7+ 60. Rd5 h5 61. Rf3+ Ke4 62. Rg3 Kf4 63. h4 Qh7 64. Rgg5 a5 65. Rgf5+ Ke4 66. f3+ Ke3 67. Rfe5+ Kf4 68. Re4+ Qxe4 69. fxe4 1-0

[Event "Portoroz op 11th"]
[Site "Portoroz"]
[Date "2017.07.27"]
[Round "7"]
[White "Kolaric, Spela"]
[Black "Mohr, Pablo"]
[Result "1/2-1/2"]
[WhiteElo "2103"]
[BlackElo "1870"]
[PlyCount "116"]
[EventDate "2017.07.22"]
[EventType "swiss"]
[EventRounds "9"]
[EventCountry "SLO"]
[SourceTitle "EXT 2018"]
[Source "ChessBase"]
[SourceDate "2017.10.13"]
[SourceVersion "1"]
[SourceVersionDate "2017.10.13"]
[SourceQuality "1"]

1. d4 Nf6 2. c4 e5 3. dxe5 Ng4 4. Nf3 Bc5 5. e3 Nc6 6. Be2 0-0 7. 0-0 Re8 8. Nc3 Ngxe5 9. Nxe5 Nxe5 10. b3 a5 11. Ne4 Bf8 12. f4 Nc6 13. Bf3 d6 14. a3 g6 15. Qd3 Bg7 16. Ra2 Qe7 17. Nc3 Be6 18. Nd5 Bxd5 19. cxd5 Nb8 20. Rc2 Na6 21. Qc4 Qd7 22. b4 axb4 23. axb4 Qa4 24. Bd2 b5 25. Qa2 Nxb4 26. Qxa4 Rxa4 27. Rxc7 Nd3 28. Be2 Ra3 29. Rb1 Ra2 30. Rd1 Nb2 31. Re1 Nd3 32. Bxd3 Rxd2 33. Bxb5 Re4 34. Rc6 Bf8 35. Rc4 Re7 36. e4 Ra7 37. Ra4 Rc7 38. Bc6 Re7 39. e5 Bg7 40. Rae4 Ra7 41. R4e2 Rxe2 42. Rxe2 Re7 43. Kf2 dxe5 44. d6 Re6 45. d7 Bf6 46. fxe5 Bd8 47. Bb5 Kf8 48. Bc4 Re7 49. Bb5 Re6 50. Kf3 f6 51. exf6 Rxe2 52. Kxe2 Bxf6 53. Kd3 h5 54. Ke4 Ke7 55. Kd5 g5 56. Kc6 Kd8 57. Kd6 h4 58. h3 Bc3 1/2-1/2

[Event "Paracin Summer op-B 10th"]
[Site "Paracin"]
[Date "2017.07.12"]
[Round "7"]
[White "Krstic, Andrija Marko"]
[Black "Mohr, Pablo"]
[Result "1-0"]
[WhiteElo "2007"]
[BlackElo "1870"]
[PlyCount "75"]
[EventDate "2017.07.07"]
[EventType "swiss"]
[EventRounds "9"]
[EventCountry "SRB"]
[SourceTitle "EXT 2020"]
[Source "ChessBase"]
[SourceDate "2019.10.17"]
[SourceVersion "1"]
[SourceVersionDate "2019.10.17"]
[SourceQuality "1"]

1. d4 Nf6 2. c4 e5 3. dxe5 Ng4 4. Bf4 Nc6 5. Nf3 Bb4+ 6. Nbd2 Qe7 7. e3 Ngxe5 8. Be2 Nxf3+ 9. Bxf3 Ne5 10. Be2 b6 11. 0-0 Bxd2 12. Qxd2 Bb7 13. Qc3 Ng6 14. Bg3 h5 15. f3 0-0-0 16. Rac1 d6 17. b4 h4 18. Bf2 h3 19. g3 Qf6 20. Qxf6 gxf6 21. Be1 Rhe8 22. Kf2 Kb8 23. Bc3 Ne5 24. f4 Nd7 25. Bg4 Rh8 26. Rfe1 Be4 27. Rcd1 Rh6 28. Bf3 f5 29. Bxe4 fxe4 30. g4 Rg8 31. Rg1 f6 32. Rg3 Nf8 33. Rd4 Nd7 34. Rxe4 Rh4 35. Kf3 f5 36. gxf5 Rxg3+ 37. Kxg3 Rh5 38. Kg4 1-0